Fungování burzy s cennými papíry v ČR, Maďarsku a Polsku
História burzových trhov v Českej republike, Maďarsku a Poľsku. Burzové indexy akciového trhu. Porovnanie vývoja jednotlivých búrz. Vývoj burzových indexov (PX 50, WIG, BUX). Porovnanie vývoja obchodov s cennými papiermi, dlhopismi a derivátmi.
Na minha lista:
| Autor principal: | |
|---|---|
| Formato: | Capítulo de Livro |
| Idioma: | tcheco |
| Assuntos: | |
| Tags: |
Sem tags, seja o primeiro a adicionar uma tag!
|
MARC
| LEADER | 00000nla$a2200000$$$4500 | ||
|---|---|---|---|
| 001 | 0026560 | ||
| 005 | 20231121075930.1 | ||
| 041 | 0 | |a cze | |
| 044 | |a SK | ||
| 245 | 1 | 0 | |a Fungování burzy s cennými papíry v ČR, Maďarsku a Polsku |c František Čámský |
| 520 | |a História burzových trhov v Českej republike, Maďarsku a Poľsku. Burzové indexy akciového trhu. Porovnanie vývoja jednotlivých búrz. Vývoj burzových indexov (PX 50, WIG, BUX). Porovnanie vývoja obchodov s cennými papiermi, dlhopismi a derivátmi. | ||
| 610 | 2 | 0 | |a trh burzový |
| 610 | 2 | 0 | |a burzy |
| 610 | 2 | 0 | |a Česko |
| 610 | 2 | 0 | |a Maďarsko |
| 610 | 2 | 0 | |a Poľsko |
| 610 | 2 | 0 | |a indexy burzové |
| 610 | 2 | 0 | |a porovnanie medzinárodné |
| 610 | 2 | 0 | |a obchody burzové |
| 610 | 2 | 0 | |a papiere cenné |
| 610 | 2 | 0 | |a dlhopisy |
| 610 | 2 | 0 | |a deriváty |
| 100 | 1 | |a Čámský, František | |